000
00238nam a2200097Ia 4500
001
837439
005
20250826172533.0
008
250824s9999 xx 000 0 und d
245
0
_a
AŞKLA KAL
_c
KAHRAMAN TEZEOĞLU
260
_b
DESTEK YAYINLARI
999
_c
837439
_d
837439